000 00859nab a2200253 u 4500
001 13948
003 HDC
007 cr bn ---aaaaa
008 210214c xx dr|noo 0 a eng d
040 _aHDC
100 _aDesk Man,
_eauthor
_914625
245 0 _aARMM holds summit for micro, small and medium enterprises /
_cby Desk Man
260 _a[No place] :
_b[publisher not identified],
_c[no date]
336 _atext
_2rdacontent
337 _acomputer
_2rdamedia
338 _aonline resource
_2rdacarrier
650 _aEntrepreneurship
_9209
650 _aSmall business
_9208
710 _aMindanao Examiner
856 _zRequest full-text at [email protected]
942 _2lcc
942 _cNEWS
942 _kNWSO 001832
999 _c11264
_d11264